000 00323 a2200133 4500
005 20250609162107.0
020 _a10 987654321
082 _a344 KEE
100 _aKEEMAN D.
245 _aCompany Laws for Students.
260 _aEngland,
_bFinancial Times,
_c1999.
300 _axxiv,511p.;
_bIndex,
_c25cm.
942 _2ddc
_cBKS
999 _c3555
_d3555